|
|
|
|
| LEADER |
00856nab a2200241 i 4500 |
| 001 |
publ16169 |
| 005 |
20190723104935.0 |
| 008 |
190723s2019 hu o 0|| angol d |
| 022 |
|
|
|a 2169-3536
|
| 024 |
7 |
|
|a 10.1109/ACCESS.2019.2926519
|2 doi
|
| 024 |
7 |
|
|a 30737387
|2 mtmt
|
| 040 |
|
|
|a SZTE Publicatio Repozitórium
|b hun
|
| 041 |
|
|
|a angol
|
| 100 |
1 |
|
|a Gingl Zoltán
|
| 245 |
1 |
0 |
|a Phonocardiography and Photoplethysmography With Simple Arduino Setups to Support Interdisciplinary STEM Education
|h [elektronikus dokumentum] /
|c Gingl Zoltán
|
| 260 |
|
|
|c 2019
|
| 300 |
|
|
|a 88970-88985
|
| 490 |
0 |
|
|a IEEE ACCESS
|v 7
|
| 700 |
0 |
1 |
|a Makan Gergely
|e aut
|
| 700 |
0 |
1 |
|a Mellár János Zsolt
|e aut
|
| 700 |
0 |
1 |
|a Vadai Gergely
|e aut
|
| 700 |
0 |
1 |
|a Mingesz Róbert Zoltán
|e aut
|
| 856 |
4 |
0 |
|u http://publicatio.bibl.u-szeged.hu/16169/1/IEEEACCESS2926519.pdf
|z Dokumentum-elérés
|